02810nam a2200373 a 450000100100000000500170001000800410002704000250006808200150009310000360010824500760014426000480022030000170026850001850028550000350047050400730050550503390057859000270091761000520094465100670099665100640106391000370112795201150116495201200127995201260139995201320152595201320165795201320178995201200192195201260204195201260216795201260229399900170241900001580120200929164146.0100218s1954 dr r 000 0 spa d aDO-SdBNPbspacBNPHU a341bH565c1 aHerrera Báez, Porfirio91178813aEl Consejo Interamericano de Jurisconsultos /cPorfirio Herrera Báez. aSanto Domingo :bEditora del Caribe,c1954. av. ;c24 cm. aLos temas sobre el reconocimiento de gobiernos de facto y la protección internacional de los derechos humanos en la II reunión del Consejo de Jurisconsultos, Buenos Aires, 1953 aLa biblioteca posee el v. 1, 2 aIncluye referencias bibliográficas y notas al pie de las páginas0 gv.1.tRio de Janeiro, 1950 : Contribución al estudio de algunos temas de codificación y desarrollo del derecho internacional y de unificación de legislaciones en el continente americano.--gv.2.tBuenos Aires, 1953: Los temas sobre el Reconocimiento de Gobiernos de facto y la protección internacional de los derechos humanos. aInventariado, 2018/ YL20aCONSEJO INTERAMERICANO DE JURISCONSULTOS935558 4aAméricaxLegislaciónvCONGRESOS, CONFERENCIAS, ETC.935559 4aDerecho InternacionalvCONGRESOS, CONFERENCIAS, ETC.935560 aValidado. Control de calidad MFF 00107-18PDaGRbGRcOId2018-08-31iLF1l0o341 H565cp15801-100r2020-06-25w2020-06-25yLFPDZNo se presta 001050718RVaPDbPDcHDd2010-02-18iLF1l0o341 H565c | v. 1p15801-10r2020-06-25w2020-06-25y1ZNo se presta 001050718RVaPDbPDcHDd2010-02-18iLF1l0o341 H565c | v. 1, e. 2p15801-20r2020-06-25w2020-06-25y1ZNo se presta 001054708RVaPDbPDcHDd2010-02-19iLF1l0o341 H565c | v. 1, e. 3p15801-30r2020-06-25w2020-06-25y4ZPréstamo en sala 001054708RVaPDbPDcHDd2011-03-30iLF1l0o341 H565c | v. 1, e. 4p15801-40r2020-06-25w2020-06-25y4ZPréstamo en sala 001054708RVaPDbPDcHDd2011-03-30iLF1l0o341 H565c | v. 1, e. 5p15801-50r2020-06-25w2020-06-25y4ZPréstamo en sala 001050718RVaPDbPDcHDd2011-05-16iLF1l0o341 H565c | v. 2p15801-60r2020-06-25w2020-06-25y1ZNo se presta 001050718RVaPDbPDcHDd2013-04-16iLF1l0o341 H565c | v. 2, e. 2p15801-70r2020-06-25w2020-06-25y1ZNo se presta 001050718RVaPDbPDcHDd2018-08-31iLF1l0o341 H565c | v. 2, e. 3p15801-80r2020-06-25w2020-06-25y1ZNo se presta 001050718RVaPDbPDcHDd2018-08-31iLF1l0o341 H565c | v. 2, e. 4p15801-90r2020-06-25w2020-06-25y1ZNo se presta c15347d15347